000 01768cam a22004934i 4500
003 PE-LiUPU
005 20250731165620.0
008 150616s r 000 0 d
020 _a080288119X
035 _a(Sirsi) i9780802881199
040 _aPE-LiUPU
_bspa
_cPE-LiUPU
_erda
049 _aPRUA
082 0 4 _a281.4
_bS31
_221
100 1 _aSchaff, Philip,
_eautor.
245 1 0 _aNicene and Post-Nicene Fathers of The Christian Church.
_n5:2.
264 1 _aGrand Rapids, Michigan :
_bWM. B. Eerdmans Publishing Company,
_c1979.
300 _a566 páginas ;
_c25 centímetros
336 _atext
_2rdacontent
337 _aunmediated
_2rdamedia
338 _avolume
_2rdacarrier
505 0 _aDogmatic treatises.- Ascetic and moral.- Apologetic.- Philosophical.- Oratorical.- Letters.
526 _aSEG44
526 _aSEG26
526 _aP151
526 _aP150
526 _aP149
526 _aP146
526 _aP145
526 _aP126
526 _aP125
526 _aP92
526 _aP75
526 _aP74
526 _aP27
526 _aP15
650 0 4 _aGREGORIO DE NACIANZO, 329-389 - TRATADOS DOGMATICOS.
910 _ajck
_bjvq
_cjck
942 _2ddc
_cBOOK
949 _aRC 281.4 S31 5:2
_wDEWEY
_c1
_i20469
_lCCODEBUL1
_mBUL
_r0
_sY
_tBOOK
_u2015-6-16
_xTEOLOGIA
_zUNKNOWN
_0COMPRA
_o.CIRCNOTE. No olvidar cambiar la fecha de devolución!!!!!!!
_o.STAFF. Colección General
994 _aC0
_bPEPRU
596 _a1
999 _aRC 281.4 S31 5:2
_wDEWEY
_c57162
_i20469
_f2021-11-8
_g6
_lCCODEBUL1
_mBUL
_r1
_sY
_tBOOK
_u2015-6-16
_xTEOLOGIA
_zUNKNOWN
_0COMPRA
_o.CIRCNOTE. No olvidar cambiar la fecha de devolución!!!!!!!
_o.STAFF. Colección General
_d57162
980 _81
_gALBERTO SANCHEZ Responsable de Automatización